01015nam a2200157 a 4500008004100000020001500041041000800056100002200064245003200086250001100118260003100129300001100160500006400171505060700235655001500842161215e2006 ck |||g |||| 001 j spa d a8482804030 aspa1 aCortázar, Julio aRayuela /cJulio Cortázar a1a ed. aColombia:bGuajiro;c2004. a493 p. aCortazar, J. (2004). Rayuela. (1a ed.). Colombia : Guajiro. aY animado de la esperanza de ser particularmente útil a la juventud, y de contribuir a la reforma de las costumbres en general, he formado la presente colección de máximas, consejos y preceptos, que son la base de aquella moral universal, que es tan proporcionada a la felicidad espiritual y temporal de todos los hombres de cualquiera edad, estado y condición que sean, y a la prosperidad y buen orden, no sólo de la república civil y cristiana en que vivimos, sino de cualquiera otra república o gobierno que los filósofos más especulativos y profundos del orbe quieran discurrir.  aLiteratura